[Event "Asia-ch Blitz"]
[Site "Al Ain"]
[Date "2025.05.10"]
[Round "9"]
[White "Urazayev, Arystanbek"]
[Black "Saravana, Krishnan P"]
[Result "1-0"]
[WhiteElo "2482"]
[BlackElo "2231"]
[PlyCount "69"]
[EventDate "2025.05.10"]
[EventType "swiss (blitz)"]
[EventRounds "9"]
[EventCountry "UAE"]
[SourceTitle "CB20_2025"]
[SourceDate "2025.05.14"]
[SourceVersion "1"]
[SourceVersionDate "2025.05.14"]
[SourceQuality "1"]

1. d4 Nf6 2. c4 Nc6 3. Nf3 e6 4. Nc3 Bb4 5. e3 0-0 6. Bd3 d6 7. 0-0 Bxc3 8. bxc3 e5 9. Nd2 Re8 10. Qc2 Bg4 11. d5 Nb8 12. e4 a5 13. c5 dxc5 14. c4 b6 15. Bb2 Nbd7 16. f3 Bh5 17. g4 Bg6 18. h4 h6 19. Rf2 Rf8 20. Nf1 Ne8 21. Rh2 Nd6 22. Ne3 f6 23. Kh1 Qe7 24. Rg1 Kf7 25. Nf5 Qd8 26. a4 Rh8 27. Qg2 Nb8 28. f4 exf4 29. e5 fxe5 30. Bxe5 Rg8 31. Nxd6+ cxd6 32. Bxg6+ Kxg6 33. Qe4+ Kf7 34. Qf5+ Ke8 35. Qe6+ 1-0

[Event "Titled Tuesday intern op 04th Mar Early"]
[Site "Chess.com INT"]
[Date "2025.03.04"]
[Round "1"]
[White "Naroditsky, Daniel"]
[Black "Saravana, Krishnan P"]
[Result "1-0"]
[WhiteElo "2619"]
[BlackElo "2177"]
[PlyCount "67"]
[EventDate "2025.03.04"]
[EventType "swiss (blitz)"]
[EventRounds "11"]
[EventCountry "USA"]
[SourceTitle "CB11_2025"]
[SourceDate "2025.03.12"]
[SourceVersion "1"]
[SourceVersionDate "2025.03.12"]
[SourceQuality "1"]

1. e4 c6 2. d3 d5 3. Nd2 g6 4. Ngf3 Bg7 5. g3 e5 6. Bg2 Ne7 7. 0-0 0-0 8. Re1 Nd7 9. b3 a5 10. Bb2 f6 11. d4 Qc7 12. c4 dxe4 13. Nxe4 Rd8 14. d5 Nf5 15. d6 Qb6 16. Ba3 Nf8 17. c5 Qa7 18. Bb2 a4 19. b4 a3 20. Bc3 Be6 21. g4 Nh6 22. Nxf6+ Bxf6 23. g5 e4 24. gxf6 exf3 25. f7+ Kxf7 26. Qd4 b5 27. Bxf3 Nf5 28. Qf6+ Kg8 29. Qh8+ Kf7 30. Bxc6 Rac8 31. Qf6+ Kg8 32. Bd5 Bxd5 33. Re7 Nxe7 34. Qg7# 1-0

[Event "Titled Tuesday intern op 04th Mar Early"]
[Site "Chess.com INT"]
[Date "2025.03.04"]
[Round "2"]
[White "Saravana, Krishnan P"]
[Black "Lewandowski, Rafal"]
[Result "1-0"]
[WhiteElo "2177"]
[BlackElo "2116"]
[PlyCount "123"]
[EventDate "2025.03.04"]
[EventType "swiss (blitz)"]
[EventRounds "11"]
[EventCountry "USA"]
[SourceTitle "CB11_2025"]
[SourceDate "2025.03.12"]
[SourceVersion "1"]
[SourceVersionDate "2025.03.12"]
[SourceQuality "1"]

1. e4 c5 2. Nf3 e6 3. d4 cxd4 4. Nxd4 a6 5. Nc3 b5 6. a3 Bb7 7. g3 Qc7 8. Bg2 Nf6 9. 0-0 d6 10. Kh1 Nbd7 11. f4 Be7 12. Qe1 0-0 13. Be3 Nb6 14. Qe2 Rfc8 15. Rae1 Nc4 16. Bc1 e5 17. Nf5 Bf8 18. g4 exf4 19. g5 Nd7 20. Nd5 Bxd5 21. exd5 Ne3 22. Bxe3 fxe3 23. Be4 g6 24. Nd4 Ne5 25. Qxe3 Re8 26. Qf4 Bg7 27. c3 Rf8 28. Re3 f5 29. Bg2 Nc4 30. Rh3 Be5 31. Qh4 Qf7 32. Ne6 Rfe8 33. Bf3 Ra7 34. a4 Nd2 35. Rd1 Nxf3 36. Rxf3 Rxe6 37. dxe6 Qxe6 38. Qf2 Re7 39. axb5 axb5 40. Qd2 Qc4 41. Qd5+ Qxd5 42. Rxd5 Rb7 43. Rfd3 Kf7 44. b3 Ke6 45. h4 b4 46. c4 Ra7 47. Kg2 Ra2+ 48. Kf3 Rh2 49. c5 dxc5 50. Rxc5 Rh3+ 51. Ke2 Rh2+ 52. Kd1 Bc3 53. Re3+ Kd6 54. Rc8 Rxh4 55. Rd8+ Kc5 56. Re2 Rh1+ 57. Kc2 Rh5 58. Rd7 Kc6 59. Rde7 Rxg5 60. Rxh7 Rg3 61. Re6+ Kd5 62. Rhe7 1-0

[Event "Titled Tuesday intern op 28th Jan Early"]
[Site "Chess.com INT"]
[Date "2025.01.28"]
[Round "1"]
[White "Kalka, Shiva"]
[Black "Saravana, Krishnan P"]
[Result "0-1"]
[WhiteElo "1851"]
[BlackElo "2245"]
[PlyCount "86"]
[EventDate "2025.01.28"]
[EventType "swiss (blitz)"]
[EventRounds "11"]
[EventCountry "USA"]
[SourceTitle "CB06_2025"]
[SourceDate "2025.02.05"]
[SourceVersion "1"]
[SourceVersionDate "2025.02.05"]
[SourceQuality "1"]

1. e4 c6 2. d4 d5 3. exd5 cxd5 4. Nf3 Nc6 5. Bd3 Bg4 6. c3 e6 7. h3 Bxf3 8. Qxf3 Nf6 9. 0-0 Bd6 10. Bg5 0-0 11. Bxf6 Qxf6 12. Qxf6 gxf6 13. f4 Rab8 14. a4 a6 15. Nd2 f5 16. Nf3 Bxf4 17. Kf2 Kh8 18. g3 Bd6 19. g4 f4 20. Ng5 h6 21. Nf3 Kg7 22. h4 f6 23. g5 e5 24. gxf6+ Kxf6 25. dxe5+ Bxe5 26. Rg1 Rg8 27. h5 Rg3 28. Nxe5 Nxe5 29. Be2 Rbg8 30. b4 Rxg1 31. Rxg1 Rxg1 32. Kxg1 f3 33. Bd1 Kg5 34. Kf2 Kf4 35. b5 Ng4+ 36. Kf1 Ne3+ 37. Ke1 f2+ 38. Kxf2 Nxd1+ 39. Ke2 Nxc3+ 40. Kd3 Nxa4 41. bxa6 bxa6 42. Kd4 Nb6 43. Kc5 Kg5 0-1

[Event "Titled Tuesday intern op 28th Jan Early"]
[Site "Chess.com INT"]
[Date "2025.01.28"]
[Round "5"]
[White "Manvelyan, Mikayel"]
[Black "Saravana, Krishnan P"]
[Result "1-0"]
[WhiteElo "2258"]
[BlackElo "2245"]
[PlyCount "87"]
[EventDate "2025.01.28"]
[EventType "swiss (blitz)"]
[EventRounds "11"]
[EventCountry "USA"]
[SourceTitle "CB06_2025"]
[SourceDate "2025.02.05"]
[SourceVersion "1"]
[SourceVersionDate "2025.02.05"]
[SourceQuality "1"]

1. d4 Nf6 2. c4 Nc6 3. d5 Ne5 4. Qc2 e6 5. e4 Ng6 6. Nc3 Bc5 7. Be2 e5 8. Nf3 d6 9. 0-0 a5 10. Rb1 0-0 11. a3 Nh5 12. b4 Ba7 13. Nb5 Nhf4 14. Nxa7 Rxa7 15. Be3 Ra8 16. Ne1 Qf6 17. Nd3 axb4 18. axb4 Ra3 19. Ra1 Rc3 20. Qd2 Bh3 21. Nxf4 Nxf4 22. Bxf4 exf4 23. f3 Bd7 24. Ra7 Rb8 25. h3 h5 26. Kh1 Rb3 27. c5 Rb2 28. Qd3 Rxb4 29. c6 bxc6 30. Rxc7 Qd8 31. Ra7 c5 32. e5 Bb5 33. Qf5 Be8 34. e6 Qf6 35. exf7+ Bxf7 36. Qd7 Rb2 37. Bd3 Rf8 38. Rg1 Qg5 39. Bf5 c4 40. Be6 c3 41. Bxf7+ Kh8 42. Bxh5 c2 43. Bg6 c1Q 44. Rc7 1-0

[Event "Titled Tuesday intern op 28th Jan Early"]
[Site "Chess.com INT"]
[Date "2025.01.28"]
[Round "2"]
[White "Rustamov, Rustam"]
[Black "Saravana, Krishnan P"]
[Result "1-0"]
[WhiteElo "2305"]
[BlackElo "2245"]
[PlyCount "105"]
[EventDate "2025.01.28"]
[EventType "swiss (blitz)"]
[EventRounds "11"]
[EventCountry "USA"]
[SourceTitle "CB06_2025"]
[SourceDate "2025.02.05"]
[SourceVersion "1"]
[SourceVersionDate "2025.02.05"]
[SourceQuality "1"]

1. e4 e6 2. d4 d5 3. Nd2 h6 4. Ngf3 Nf6 5. Bd3 c5 6. exd5 exd5 7. 0-0 c4 8. Re1+ Be7 9. Bf1 0-0 10. c3 Nc6 11. Ne5 Bf5 12. b3 cxb3 13. axb3 Bd6 14. Ba3 Re8 15. Bxd6 Qxd6 16. f4 h5 17. b4 Re7 18. b5 Nd8 19. c4 Ne6 20. c5 Qd8 21. Ndf3 Nxf4 22. Qd2 Ne6 23. c6 Ne4 24. Qb4 f6 25. Nd7 bxc6 26. bxc6 Nc7 27. Nc5 Rb8 28. Qa5 Qe8 29. Na6 Nxa6 30. Qxa6 Rc8 31. Rac1 Nd6 32. c7 Rxe1 33. Rxe1 Qd7 34. Qa5 Be6 35. Qxa7 Rxc7 36. Qb6 Rb7 37. Qa6 Ne4 38. Bd3 Bg4 39. Nh4 Rb2 40. h3 Bxh3 41. Bxe4 dxe4 42. Qa8+ Qc8 43. Qd5+ Be6 44. Qxe4 Bf7 45. Nf5 Qd8 46. Qf4 Bg6 47. Ne7+ Kf7 48. d5 Bh7 49. d6 Bg6 50. Nxg6 Kxg6 51. Qe4+ Kf7 52. Qe6+ Kf8 53. d7 1-0

[Event "Goa op"]
[Site "Taleigao"]
[Date "2025.01.12"]
[Round "3"]
[White "Shahil, Dey"]
[Black "Saravana, Krishnan P"]
[Result "1/2-1/2"]
[WhiteElo "2374"]
[BlackElo "2245"]
[PlyCount "67"]
[EventDate "2025.01.11"]
[EventType "swiss"]
[EventRounds "10"]
[EventCountry "IND"]
[SourceTitle "CB04_2025"]
[SourceDate "2025.01.22"]
[SourceVersion "1"]
[SourceVersionDate "2025.01.22"]
[SourceQuality "1"]

1. Nf3 d5 2. b3 c6 3. Bb2 Bf5 4. e3 e6 5. Be2 h6 6. 0-0 Nd7 7. c4 Ngf6 8. Nc3 Be7 9. Rc1 0-0 10. d4 Ne4 11. Bd3 Nxc3 12. Bxc3 Bxd3 13. Qxd3 f5 14. b4 a6 15. c5 Bf6 16. a4 Qe8 17. Qb1 e5 18. dxe5 Nxe5 19. Nd4 Nc4 20. Rfe1 Qe4 21. Qb3 Qe8 22. h3 Qf7 23. Rcd1 Rfe8 24. Qc2 Re4 25. Ne2 Bxc3 26. Nxc3 Re5 27. Ne2 Rae8 28. Rf1 Qe7 29. Nd4 Rf8 30. Ne2 Re4 31. Ng3 Re5 32. Ne2 Re4 33. Ng3 Re5 34. Ne2 1/2-1/2

[Event "Titled Tuesday intern op 07th Jan Early"]
[Site "Chess.com INT"]
[Date "2025.01.07"]
[Round "5"]
[White "Saravana, Krishnan P"]
[Black "Kiseljova, Marya"]
[Result "1-0"]
[WhiteElo "2245"]
[BlackElo "2031"]
[PlyCount "81"]
[EventDate "2025.01.07"]
[EventType "swiss (blitz)"]
[EventRounds "11"]
[EventCountry "USA"]
[SourceTitle "CB03_2025"]
[SourceDate "2025.01.15"]
[SourceVersion "1"]
[SourceVersionDate "2025.01.15"]
[SourceQuality "1"]

1. e4 c5 2. Nf3 g6 3. c3 Bg7 4. d4 cxd4 5. cxd4 d5 6. exd5 Nf6 7. Nc3 Nxd5 8. Bc4 Nb6 9. Bb3 0-0 10. h3 Nc6 11. Be3 Bf5 12. 0-0 Na5 13. Re1 Nxb3 14. axb3 Nd5 15. Bg5 Nf6 16. d5 h6 17. Bh4 Re8 18. Ne5 Nd7 19. Nc4 g5 20. Bg3 Nb6 21. Ne3 Bg6 22. Qf3 Qd7 23. Rad1 Rac8 24. Ng4 Qf5 25. Qe3 Qc2 26. Ne5 Bf5 27. Qf3 e6 28. d6 Red8 29. d7 Rc5 30. Qh5 Bxe5 31. Bxe5 Rxe5 32. Rxe5 Rxd7 33. Rxd7 Nxd7 34. Re3 Qc1+ 35. Kh2 Kg7 36. Ne4 Bg6 37. Qe2 Qc7+ 38. g3 Nb6 39. Qd2 Nd5 40. Qd4+ Kh7 41. Rf3 1-0

[Event "Titled Tuesday intern op 07th Jan Early"]
[Site "Chess.com INT"]
[Date "2025.01.07"]
[Round "9"]
[White "Zampronha, Wladimir Camilo"]
[Black "Saravana, Krishnan P"]
[Result "1-0"]
[WhiteElo "2126"]
[BlackElo "2245"]
[PlyCount "81"]
[EventDate "2025.01.07"]
[EventType "swiss (blitz)"]
[EventRounds "11"]
[EventCountry "USA"]
[SourceTitle "CB03_2025"]
[SourceDate "2025.01.15"]
[SourceVersion "1"]
[SourceVersionDate "2025.01.15"]
[SourceQuality "1"]

1. e4 c6 2. d4 d5 3. e5 Qb6 4. Nf3 Bg4 5. Be2 e6 6. 0-0 Nd7 7. Nbd2 c5 8. c4 Ne7 9. cxd5 Nxd5 10. Nc4 Qc7 11. dxc5 Bxc5 12. Bd2 Bxf3 13. Bxf3 Bxf2+ 14. Rxf2 Qxc4 15. Rc1 Qd4 16. Bxd5 Qxd5 17. Bc3 Qxd1+ 18. Rxd1 Nb6 19. Rdf1 Nd5 20. Rxf7 0-0-0 21. Rxg7 Rhg8 22. Rff7 Rxg7 23. Rxg7 h5 24. Rh7 Nf4 25. g3 Ne2+ 26. Kg2 Nxc3 27. bxc3 Rd2+ 28. Kh3 Rxa2 29. Rxh5 Rc2 30. Rh4 Rxc3 31. Ra4 a6 32. Kg4 Rc5 33. Kf4 b5 34. Rxa6 Kb7 35. Rxe6 b4 36. Rd6 b3 37. Rd1 Rc2 38. h4 Rc4+ 39. Kf5 b2 40. Rb1 Rb4 41. g4 1-0

[Event "Vijayawad op"]
[Site "Vijayawad"]
[Date "2024.10.25"]
[Round "7"]
[White "Neelash, Saha"]
[Black "Saravana, Krishnan P"]
[Result "1-0"]
[WhiteElo "2467"]
[BlackElo "2260"]
[PlyCount "71"]
[EventDate "2024.10.22"]
[EventType "swiss"]
[EventRounds "9"]
[EventCountry "IND"]
[SourceTitle "CB16_2025"]
[SourceDate "2025.04.16"]
[SourceVersion "1"]
[SourceVersionDate "2025.04.16"]
[SourceQuality "1"]

1. Nf3 Nf6 2. e3 g6 3. d4 Bg7 4. c4 0-0 5. Nc3 c5 6. d5 d6 7. Bd3 e6 8. 0-0 exd5 9. cxd5 a6 10. a4 Bg4 11. h3 Bxf3 12. Qxf3 Nbd7 13. Qd1 Re8 14. Re1 Qc7 15. a5 Rab8 16. Bf1 Ne4 17. Nxe4 Rxe4 18. Qc2 Rbe8 19. Bd2 f5 20. Rac1 Qd8 21. Bd3 R4e5 22. b4 Kh8 23. b5 axb5 24. Bxb5 Rf8 25. Rb1 Re7 26. Bc4 Ne5 27. Rb6 g5 28. Reb1 g4 29. hxg4 fxg4 30. Bc3 g3 31. fxg3 Ref7 32. Rxb7 Rxb7 33. Rxb7 Qg5 34. Qe4 Qxg3 35. Bd3 Qf2+ 36. Kh1 1-0

[Event "Vijayawad op"]
[Site "Vijayawad"]
[Date "2024.10.24"]
[Round "5"]
[White "Kiran, Panditrao"]
[Black "Saravana, Krishnan P"]
[Result "0-1"]
[WhiteElo "1779"]
[BlackElo "2260"]
[PlyCount "92"]
[EventDate "2024.10.22"]
[EventType "swiss"]
[EventRounds "9"]
[EventCountry "IND"]
[SourceTitle "CB16_2025"]
[SourceDate "2025.04.16"]
[SourceVersion "1"]
[SourceVersionDate "2025.04.16"]
[SourceQuality "1"]

1. e4 c6 2. d4 d5 3. e5 Qb6 4. Nc3 Bf5 5. Nf3 e6 6. Be2 Ne7 7. 0-0 h6 8. Rb1 a5 9. Nh4 Be4 10. f3 Bxc2 11. Qxc2 Qxd4+ 12. Kh1 Qxh4 13. Be3 Nf5 14. Bf2 Qd8 15. g4 Ne7 16. f4 g6 17. Bh4 g5 18. fxg5 hxg5 19. Bxg5 Nd7 20. Bd3 Qb6 21. Rbe1 Bh6 22. Bxh6 Rxh6 23. g5 Rg6 24. Bxg6 Nxg6 25. Re2 Ndxe5 26. Rfe1 Qd4 27. Rd2 Qg4 28. Rg2 Qf3 29. Kg1 Qd3 30. Qxd3 Nxd3 31. Rf1 Ke7 32. b3 Rh8 33. Ne2 Rh4 34. Rg3 Nde5 35. Kg2 b5 36. Rh3 Re4 37. Nc3 Rg4+ 38. Rg3 Rd4 39. Rd1 Rh4 40. Ne2 c5 41. Ng1 Rf4 42. Ne2 Rh4 43. Ng1 d4 44. Nf3 Nf4+ 45. Kh1 Nxf3 46. Rxf3 e5 0-1

[Event "Vijayawad op"]
[Site "Vijayawad"]
[Date "2024.10.23"]
[Round "4"]
[White "Saravana, Krishnan P"]
[Black "Akhil, Prasad Sri"]
[Result "1-0"]
[WhiteElo "2260"]
[BlackElo "1862"]
[PlyCount "108"]
[EventDate "2024.10.22"]
[EventType "swiss"]
[EventRounds "9"]
[EventCountry "IND"]
[SourceTitle "CB16_2025"]
[SourceDate "2025.04.16"]
[SourceVersion "1"]
[SourceVersionDate "2025.04.16"]
[SourceQuality "1"]

1. e4 c5 2. Nf3 Nc6 3. Nc3 e5 4. Bc4 d6 5. d3 Be7 6. h3 Nf6 7. a3 0-0 8. 0-0 Nd4 9. Nh2 Be6 10. Ba2 d5 11. Bg5 dxe4 12. Bxf6 Bxf6 13. Bxe6 Nxe6 14. Nxe4 Be7 15. Re1 Qd5 16. Nc3 Qd6 17. Ng4 f6 18. Ne3 Bd8 19. Qg4 Qd7 20. Nc4 Bc7 21. a4 Rad8 22. Nb5 Nd4 23. Nxd4 Qxg4 24. hxg4 cxd4 25. Ra3 Rd5 26. Rb3 Rb8 27. g3 Kf7 28. Rb5 Rxb5 29. axb5 Rd8 30. Ra1 Bb8 31. Kg2 Rd5 32. b6 a6 33. Rh1 h6 34. Kf3 Ke6 35. Ke4 Rb5 36. Re1 Bd6 37. f4 exf4 38. gxf4 Bc5 39. Re2 Bxb6 40. Nxb6 Rxb6 41. Kxd4+ Kd7 42. c4 Rd6+ 43. Kc3 Re6 44. Rxe6 Kxe6 45. f5+ Kf7 46. d4 g6 47. fxg6+ Kxg6 48. d5 Kf7 49. c5 Ke7 50. Kd4 Kd7 51. Ke4 Kc7 52. Kf5 b5 53. Ke6 Kd8 54. c6 Ke8 1-0

[Event "Vijayawad op"]
[Site "Vijayawad"]
[Date "2024.10.22"]
[Round "1"]
[White "Pranav Dharshan, S."]
[Black "Saravana, Krishnan P"]
[Result "0-1"]
[WhiteElo "1527"]
[BlackElo "2260"]
[PlyCount "100"]
[EventDate "2024.10.22"]
[EventType "swiss"]
[EventRounds "9"]
[EventCountry "IND"]
[SourceTitle "CB16_2025"]
[SourceDate "2025.04.16"]
[SourceVersion "1"]
[SourceVersionDate "2025.04.16"]
[SourceQuality "1"]

1. e4 c6 2. d4 d5 3. f3 Qb6 4. Nc3 e6 5. a3 Nd7 6. Nge2 a5 7. Be3 Ngf6 8. e5 Ng8 9. Nf4 Nxe5 10. Na4 Qa7 11. Qd2 Ng6 12. Nd3 N8e7 13. Ne5 b5 14. Nc3 Nxe5 15. dxe5 Qb8 16. f4 Nf5 17. Bf2 h5 18. Bd3 g6 19. 0-0 Be7 20. Rae1 h4 21. Ne2 h3 22. g3 c5 23. c3 a4 24. Rb1 Qb7 25. Bxf5 gxf5 26. Nc1 d4 27. Be1 Qe4 28. Rf2 Bb7 29. Kf1 Qxb1 30. Qc2 Bg2+ 31. Kg1 Qxc2 32. Rxc2 d3 33. Nxd3 Be4 34. Rd2 0-0-0 35. Nf2 Rxd2 36. Bxd2 Rd8 37. Be1 c4 38. Kf1 Bc5 39. Ke2 Bxf2 40. Bxf2 Rd3 41. Be3 Kd7 42. Kf2 Rd1 43. Bc5 Rd2+ 44. Ke3 Rxh2 45. Bd4 Rg2 46. g4 h2 47. gxf5 h1Q 48. fxe6+ fxe6 49. Bb6 Qd1 50. Kxe4 Qd3# 0-1

[Event "Vijayawad op"]
[Site "Vijayawad"]
[Date "2024.10.22"]
[Round "2"]
[White "Saravana, Krishnan P"]
[Black "Kabnurakar, Sharvari"]
[Result "1-0"]
[WhiteElo "2260"]
[BlackElo "1722"]
[PlyCount "57"]
[EventDate "2024.10.22"]
[EventType "swiss"]
[EventRounds "9"]
[EventCountry "IND"]
[SourceTitle "CB16_2025"]
[SourceDate "2025.04.16"]
[SourceVersion "1"]
[SourceVersionDate "2025.04.16"]
[SourceQuality "1"]

1. Nf3 c5 2. e3 Nf6 3. d4 e6 4. Bd3 d5 5. c3 b6 6. Ne5 Bb7 7. 0-0 Bd6 8. f4 0-0 9. Nd2 Ne4 10. a4 f5 11. a5 Nxd2 12. Bxd2 Bxe5 13. fxe5 c4 14. Bc2 bxa5 15. Rf3 Nc6 16. Rh3 g6 17. Be1 Qb6 18. Rb1 Ba6 19. Bh4 Qc7 20. Qe1 Rab8 21. Bf6 Rb6 22. g4 fxg4 23. Rh6 Rxf6 24. exf6 e5 25. Bxg6 hxg6 26. Rxg6+ Kf8 27. Qh4 Rb8 28. Qh8+ Kf7 29. Qg7+ 1-0

[Event "Titled Tuesday intern op 13th Aug Early"]
[Site "Chess.com INT"]
[Date "2024.08.13"]
[Round "1"]
[White "Fernandez Hernandez, Gerardo"]
[Black "Saravana, Krishnan P"]
[Result "0-1"]
[WhiteElo "2126"]
[BlackElo "2260"]
[PlyCount "66"]
[EventDate "2024.08.13"]
[EventType "swiss (blitz)"]
[EventRounds "11"]
[EventCountry "USA"]
[SourceTitle "EXT 2025"]
[Source "ChessBase"]
[SourceDate "2024.10.14"]
[SourceVersion "1"]
[SourceVersionDate "2024.10.14"]
[SourceQuality "1"]

1. e4 c6 2. d4 d5 3. exd5 cxd5 4. c4 Nf6 5. Nc3 g6 6. Qb3 Bg7 7. cxd5 0-0 8. Be2 Nbd7 9. Bf3 Nb6 10. Bf4 Bg4 11. d6 exd6 12. Bxg4 Nxg4 13. Nge2 Re8 14. 0-0 Rc8 15. Rad1 d5 16. h3 Nh6 17. Rfe1 Nf5 18. a4 Qd7 19. Nb5 Rc4 20. g4 Nh4 21. Nd6 Re4 22. Nxe4 dxe4 23. a5 Nf3+ 24. Kf1 Rc6 25. axb6 Rxb6 26. Qc3 h5 27. Qc7 Qe6 28. d5 Qf6 29. g5 Qf5 30. Nd4 Qxh3+ 31. Ke2 Rxb2+ 32. Rd2 Nxd4+ 33. Kd1 Qb3+ 0-1

[Event "Titled Tuesday intern op 13th Aug Early"]
[Site "Chess.com INT"]
[Date "2024.08.13"]
[Round "9"]
[White "Saravana, Krishnan P"]
[Black "Aakash, G2."]
[Result "0-1"]
[WhiteElo "2260"]
[BlackElo "2314"]
[PlyCount "76"]
[EventDate "2024.08.13"]
[EventType "swiss (blitz)"]
[EventRounds "11"]
[EventCountry "USA"]
[SourceTitle "EXT 2025"]
[Source "ChessBase"]
[SourceDate "2024.10.14"]
[SourceVersion "1"]
[SourceVersionDate "2024.10.14"]
[SourceQuality "1"]

1. e4 c5 2. Nf3 d6 3. c3 Nf6 4. h3 Nc6 5. Bd3 g6 6. Bc2 Bg7 7. 0-0 0-0 8. d4 cxd4 9. cxd4 d5 10. e5 Ne4 11. Re1 f6 12. exf6 Bxf6 13. Bb3 Kh8 14. Nc3 Nxc3 15. bxc3 Bf5 16. Bh6 Rf7 17. Ng5 Bxg5 18. Bxg5 Qd6 19. Qd2 Raf8 20. Bh6 Rd8 21. Re3 Na5 22. Rae1 Nxb3 23. axb3 Rc8 24. Rf3 Qd7 25. Qe3 e6 26. Qe5+ Kg8 27. Ree3 Qc7 28. Rxf5 exf5 29. Qe8+ Rf8 30. Qe6+ Qf7 31. Bxf8 Qxe6 32. Rxe6 Kxf8 33. Re3 Kf7 34. f4 b5 35. Kf2 a5 36. g4 a4 37. b4 a3 38. c4 Ra8 0-1

[Event "Titled Tuesday intern op 13th Aug Early"]
[Site "Chess.com INT"]
[Date "2024.08.13"]
[Round "11"]
[White "Taspinar, Yanki"]
[Black "Saravana, Krishnan P"]
[Result "1-0"]
[WhiteElo "2292"]
[BlackElo "2260"]
[PlyCount "205"]
[EventDate "2024.08.13"]
[EventType "swiss (blitz)"]
[EventRounds "11"]
[EventCountry "USA"]
[SourceTitle "EXT 2025"]
[Source "ChessBase"]
[SourceDate "2024.10.14"]
[SourceVersion "1"]
[SourceVersionDate "2024.10.14"]
[SourceQuality "1"]

1. Nf3 Nf6 2. g3 d5 3. Bg2 c6 4. 0-0 Bf5 5. b3 e6 6. Bb2 Be7 7. c4 0-0 8. d4 h6 9. Nbd2 a5 10. Ne5 Nbd7 11. e3 Bh7 12. Ndf3 a4 13. Nxd7 Nxd7 14. Qe2 Qa5 15. Rfc1 Qa6 16. Bf1 Bg6 17. Qd2 Qa7 18. Ne5 Nxe5 19. dxe5 Rfd8 20. cxd5 Rxd5 21. Qe1 Rad8 22. Bc4 R5d7 23. Rd1 a3 24. Bc3 b5 25. Bf1 Be4 26. Rac1 c5 27. Bxb5 Rxd1 28. Rxd1 Rb8 29. Rd7 Qa8 30. Bf1 Bf8 31. Qd1 Bc6 32. Rd2 Bd5 33. Bc4 Bh1 34. Bf1 Bf3 35. Be2 Be4 36. Bc4 h5 37. Qxh5 Bg6 38. Qe2 Qe4 39. f3 Qb7 40. Kg2 Bf5 41. Qd1 Bg4 42. Kf2 Bh5 43. Kg2 g5 44. h3 g4 45. hxg4 Bxg4 46. e4 Bh5 47. Rd7 Qa8 48. Qd2 Qc6 49. Rd8 Rxd8 50. Qxd8 Bg6 51. Qd3 Bh6 52. Bd2 Bxd2 53. Qxd2 Bxe4 54. fxe4 Qxe4+ 55. Kf2 Qxe5 56. Qe3 Qb2+ 57. Qe2 Qf6+ 58. Kg2 Qd4 59. Qf2 Qe4+ 60. Kh2 Kg7 61. Bf1 Qe5 62. Kg1 f5 63. Bc4 Kf6 64. Kg2 Qe4+ 65. Kh2 Qe5 66. Qe2 Qd4 67. Kg2 e5 68. Qh5 Qd2+ 69. Qe2 Qb2 70. Qxb2 axb2 71. Bd3 e4 72. Bb1 Ke5 73. Kf2 Kd4 74. Ke2 Kc3 75. Ke3 Kb4 76. Kd2 Ka3 77. Kc3 e3 78. Kd3 c4+ 79. bxc4 f4 80. gxf4 Kb4 81. Kxe3 Kc3 82. f5 Kb4 83. f6 Kc5 84. f7 Kb4 85. f8Q+ Kc3 86. Qf4 Kb4 87. c5+ Kxc5 88. Qd4+ Kb5 89. Qxb2+ Kc6 90. Qb4 Kd5 91. Kd3 Ke5 92. Kc2 Kf5 93. a4 Kg5 94. a5 Kf6 95. a6 Ke6 96. a7 Kd7 97. a8Q Kc7 98. Qa7+ Kc6 99. Qa6+ Kd5 100. Qaa5+ Kc6 101. Qbb6+ Kd7 102. Qaa7+ Kc8 103. Qbb8# 1-0

[Event "Titled Tuesday intern op 09th Jul Late"]
[Site "Chess.com INT"]
[Date "2024.07.09"]
[Round "3"]
[White "Petr, Jan1"]
[Black "Saravana, Krishnan P"]
[Result "0-1"]
[WhiteElo "2282"]
[BlackElo "2236"]
[PlyCount "74"]
[EventDate "2024.07.09"]
[EventType "swiss (blitz)"]
[EventRounds "11"]
[EventCountry "USA"]
[SourceTitle "EXT 2025"]
[Source "ChessBase"]
[SourceDate "2024.10.14"]
[SourceVersion "1"]
[SourceVersionDate "2024.10.14"]
[SourceQuality "1"]

1. d4 Nf6 2. c4 Nc6 3. Nf3 e6 4. Nc3 Bb4 5. Qc2 0-0 6. Bg5 h6 7. Bh4 d5 8. e3 g5 9. Bg3 Ne4 10. Bd3 f5 11. cxd5 exd5 12. Bxe4 fxe4 13. Ne5 Be6 14. 0-0 Bd6 15. Nxc6 bxc6 16. Na4 Qe8 17. Rac1 Bd7 18. Nc5 Bxc5 19. Qxc5 Qd8 20. Rc3 Rf7 21. Ra3 a6 22. Rc1 Be8 23. Rb3 Qc8 24. Qb4 Qf5 25. Qb7 Rc8 26. Ra3 h5 27. Rf1 h4 28. Be5 h3 29. f4 hxg2 30. Kxg2 Bd7 31. Kf2 Qh3 32. Rg1 Qxh2+ 33. Rg2 Qh4+ 34. Ke2 Bg4+ 35. Kd2 Qh3 36. Rf2 Qg3 37. Ke1 Rh7 0-1

[Event "Titled Tuesday intern op 09th Jul Late"]
[Site "Chess.com INT"]
[Date "2024.07.09"]
[Round "1"]
[White "Saravana, Krishnan P"]
[Black "Quirke, Jeffrey"]
[Result "1-0"]
[WhiteElo "2236"]
[BlackElo "1979"]
[PlyCount "81"]
[EventDate "2024.07.09"]
[EventType "swiss (blitz)"]
[EventRounds "11"]
[EventCountry "USA"]
[SourceTitle "EXT 2025"]
[Source "ChessBase"]
[SourceDate "2024.10.14"]
[SourceVersion "1"]
[SourceVersionDate "2024.10.14"]
[SourceQuality "1"]

1. e4 e6 2. d4 d5 3. e5 c5 4. c3 Nc6 5. Nf3 Nge7 6. Be2 Ng6 7. 0-0 Be7 8. a3 a5 9. Re1 0-0 10. Bd3 f6 11. exf6 Bxf6 12. Bc2 Qb6 13. dxc5 Qxc5 14. Nbd2 Bd7 15. Nf1 Nge5 16. Nxe5 Nxe5 17. Be3 Qe7 18. Ng3 Nc4 19. Bc1 Qf7 20. Qd3 g6 21. f4 Nd6 22. Be3 Nf5 23. Nxf5 gxf5 24. Bd4 Rac8 25. Re3 Kh8 26. Rh3 Rg8 27. Rh6 Rg6 28. Rxg6 hxg6 29. Re1 Kg7 30. Qe3 b5 31. Bxf6+ Qxf6 32. Qa7 Qe7 33. Bd3 Qc5+ 34. Qxc5 Rxc5 35. Kf2 Rc8 36. Ke3 Kf6 37. Kd4 Be8 38. b4 a4 39. Re3 Bf7 40. Rh3 Bg8 41. Bxb5 1-0

[Event "Titled Tuesday intern op 09th Jul Late"]
[Site "Chess.com INT"]
[Date "2024.07.09"]
[Round "4"]
[White "Saravana, Krishnan P"]
[Black "Zhigalko, Sergei"]
[Result "0-1"]
[WhiteElo "2236"]
[BlackElo "2572"]
[PlyCount "62"]
[EventDate "2024.07.09"]
[EventType "swiss (blitz)"]
[EventRounds "11"]
[EventCountry "USA"]
[SourceTitle "EXT 2025"]
[Source "ChessBase"]
[SourceDate "2024.10.14"]
[SourceVersion "1"]
[SourceVersionDate "2024.10.14"]
[SourceQuality "1"]

1. e4 c5 2. Nf3 Nc6 3. Bb5 Nf6 4. e5 Nd5 5. Nc3 Nc7 6. a4 g6 7. 0-0 Bg7 8. Re1 0-0 9. d3 Nd4 10. Bg5 b6 11. Nxd4 cxd4 12. Ne4 Bxe5 13. f4 Bg7 14. f5 gxf5 15. Ng3 Ne6 16. Bh4 Kh8 17. Nxf5 Bf6 18. Bxf6+ exf6 19. Qh5 Rg8 20. Nh6 Qf8 21. Nxf7+ Kg7 22. Nd6 Qxd6 23. Re4 Kh8 24. Rh4 Qe7 25. Rf1 Bb7 26. g3 Rg7 27. Bxd7 Qxd7 28. Rxf6 Ng5 29. Rhf4 Nh3+ 30. Kf1 Nxf4 31. Rxf4 Rag8 0-1